Lengua castellana y comunicación 3 § Educación Media: guía didáctica para el profesor, incluye texto para el estudiante

Guardat en:
Dades bibliogràfiques
Autors principals: Caballero Gatica, Alejandra Angelina (Autor), Cabrera Pomiez, Marcela (Autor)
Format: Llibre
Idioma:espanyol
Publicat: Santiago Santillana 2006
Matèries:
Etiquetes: Afegir etiqueta
Sense etiquetes, Sigues el primer a etiquetar aquest registre!

MARC

LEADER 00000nam a2200000 a 4500
001 UCI7792
003 CL-VaPUC
008 080725e20060000CL |||||||||||||||||spa|d
020 |a 9561512548 
082 0 4 |a 407.12  |b CAB  |2 21 
100 0 |a Caballero Gatica, Alejandra Angelina  |e author  |9 531079 
700 0 |a Cabrera Pomiez, Marcela  |e author  |9 531080 
245 1 0 |a Lengua castellana y comunicación 3 § Educación Media: guía didáctica para el profesor, incluye texto para el estudiante 
300 |a 287 p 
942 |c BK 
945 |d 20080725 00:00:00  |a rbrito 
260 |a Santiago  |b Santillana  |c 2006 
650 0 |a Lingüística  |9 265068 
650 7 |a LIBRO DE TEXTOS  |2 CL-VaPUC  |9 531081 
650 0 |a Métodos de enseñanza  |9 270413 
583 |a last modification  |c 20080725 00:00:00  |k Rodrigo Vera 
999 |c 330938  |d 330936 
952 |0 0  |1 0  |4 0  |6 407_120000000000000_CAB_2006  |7 0  |8 A  |9 416891  |a BIBEDU  |b BIBEDU  |d 2019-11-22  |i 4466500  |o 407.12 CAB 2006  |p 4466500  |r 2019-11-22  |w 2019-11-22  |y BK  |k LIT 
952 |0 0  |1 0  |4 0  |6 407_120000000000000_CAB_2006  |7 0  |8 A  |9 416892  |a BIBEDU  |b BIBEDU  |d 2019-11-22  |i 4466519  |o 407.12 CAB 2006  |p 4466519  |r 2019-11-22  |w 2019-11-22  |y BK  |k LIT 
952 |0 0  |1 0  |4 0  |6 407_120000000000000_CAB_2006  |7 0  |8 A  |9 416893  |a BIBEDU  |b BIBEDU  |d 2019-11-22  |i 4466527  |o 407.12 CAB 2006  |p 4466527  |r 2019-11-22  |w 2019-11-22  |y BK  |k LIT